Manual de control interno contable y su incidencia en el manejo de las operaciones contables, de las asociaciones cooperativas de producción agropecuario. Estudio a realizar en los municipios de Ahuachapán, Atiquizaya y el Refugio del departamento de Ahuachapán en el periodo comprendido enero a agosto del 2011 (Registro nro. 11235)

Detalles MARC
000 -LEADER
fixed length control field 00930nam a2200193Ia 4500
005 - FECHA Y HORA DE LA ÚLTIMA TRANSACCIÓN
control field 20240312195111.0
008 - FIXED-LENGTH DATA ELEMENTS--GENERAL INFORMATION
fixed length control field 240312s9999 xx 000 0 und d
040 ## - CATALOGING SOURCE
Original cataloging agency UPAN
Transcribing agency Biblioteca San Vicente
Description conventions RCAA2
041 ## - LANGUAGE CODE
Language code of text/sound track or separate title spa
082 ## - DEWEY DECIMAL CLASSIFICATION NUMBER
Classification number 657.48
Item number Ase
año de publicación 2011
100 ## - MAIN ENTRY--PERSONAL NAME
Personal name Asencio Hernández, Yessica Yolanda
Relator code aut.
245 #0 - TITLE STATEMENT
Title Manual de control interno contable y su incidencia en el manejo de las operaciones contables, de las asociaciones cooperativas de producción agropecuario. Estudio a realizar en los municipios de Ahuachapán, Atiquizaya y el Refugio del departamento de Ahuachapán en el periodo comprendido enero a agosto del 2011
260 ## - PUBLICATION, DISTRIBUTION, ETC. (IMPRINT)
Place of publication, distribution, etc Ahuachapán;
Name of publisher, distributor, etc Universidad Panamericana,
Date of publication, distribution, etc 2011
300 ## - PHYSICAL DESCRIPTION
Extent 200 p.;
Dimensions 28 cm.
650 ## - SUBJECT ADDED ENTRY--TOPICAL TERM
Source of heading or term LEMB
Topical term or geographic name as entry element Manual contable
General subdivision Operaciones contables.
700 ## - ADDED ENTRY--PERSONAL NAME
Personal name Mazariego Mata, Mayra Carolina;
Relator code aut.
700 ## - ADDED ENTRY--PERSONAL NAME
Personal name Pérez Suárez, Ana Servelia
Relator code aut.
942 ## - ADDED ENTRY ELEMENTS (KOHA)
Koha item type Libros
Source of classification or shelving scheme Dewey Decimal Classification
Existencias
Withdrawn status Lost status Source of classification or shelving scheme Damaged status Not for loan Collection code Home library Current library Date acquired Total Checkouts Full call number Barcode Date last seen Copy number Price effective from Koha item type
    Dewey Decimal Classification     Tesario Biblioteca UPAN San Vicente Biblioteca UPAN San Vicente 12/03/2024   657.48 Ase 12101039 12/03/2024 01 12/03/2024 Trabajos de Grado